Essentials of human anatomy and physiology.(6th ed.) (Record no. 63839)

MARC details
000 -LEADER
fixed length control field 00895nam a2200193 a 4500
008 - FIXED-LENGTH DATA ELEMENTS--GENERAL INFORMATION
fixed length control field 150817s1998 ||||||||||||||||| || u
020 ## - INTERNATIONAL STANDARD BOOK NUMBER
International Standard Book Number 9780697329196
050 ## - LIBRARY OF CONGRESS CALL NUMBER
Classification number QM 23.2 Shi
100 ## - MAIN ENTRY--PERSONAL NAME
Personal name Shier, David
245 10 - TITLE STATEMENT
Title Essentials of human anatomy and physiology.(6th ed.)
Statement of responsibility, etc. by David Shier, Jackie Butler and Ricki Lewis
250 ## - EDITION STATEMENT
Edition statement 6th ed.
260 ## - PUBLICATION, DISTRIBUTION, ETC.
Place of publication, distribution, etc. United States of America
Name of publisher, distributor, etc. McGraw-Hill Companies
Date of publication, distribution, etc. 1998
300 ## - PHYSICAL DESCRIPTION
Extent vii, 193p. :ill.
350 ## -
-- 30.90
650 #3 - SUBJECT ADDED ENTRY--TOPICAL TERM
Topical term or geographic name entry element ANATOMY
650 #4 - SUBJECT ADDED ENTRY--TOPICAL TERM
Topical term or geographic name entry element ANATOMY, HUMAN
995 ## -
-- MEDICAL LIBRARY OPEN ACCESS
-- 903084
-- CBU-SCHOOL OF MEDICINE LIBRARY (Ndola)
-- 30.90
-- QM 23.2 Shi
-- 1
-- AVAILABLE
-- Sep 4, 2015
-- 903084
-- Medical Library Open Access Collection
995 ## -
-- MICHAEL CHILUFYA SATA OPEN ACCESS
-- 903085
-- CBU-SCHOOL OF MEDICINE LIBRARY (Ndola)
-- 30.90
-- QM 23.2 Shi
-- 2
-- AVAILABLE
-- Sep 4, 2015
-- 903085
-- Medical Library Open Access Collection
999 ## -
-- 63839
-- 63839
Holdings
Withdrawn status Lost status Source of classification or shelving scheme Damaged status Not for loan Permanent Location Current Location Shelving location Date acquired Total Checkouts Full call number Barcode Date last seen Price effective from Koha item type Copy number
          CBU-MICHAEL CHILUFYA SATA LIBRARY CBU-MICHAEL CHILUFYA SATA LIBRARY   02/01/2023   QM 23.2 Shi 903085 02/01/2023 02/01/2023 MONOGRAPH 2
          CBU-SCHOOL OF MEDICINE LIBRARY, NDOLA. CBU-SCHOOL OF MEDICINE LIBRARY, NDOLA.   02/01/2023   QM 23.2 Shi 903084 02/01/2023 02/01/2023 MONOGRAPH